000 00218nam a22000857a 4500
008 161124b xxu||||| |||| 00| 0 eng d
100 _91395
_aMoraise.P
245 _aThe Useful long Tail
260 _aNew Delhi
_bBPI India
_c2011
999 _c4111
_d4111